000 01373nam a22004217a 4500
001 0011253
003 KOHA_MİRAKIL
005 20260207001810.0
007 ta
008 091203b1989 tu |||gr||||#||||0|tur |
020 _a9754980209
_c0,01
040 _aTR-BiSEU
_btur
_cTR-BiSEU
_erda
041 0 _atur
044 _ctu
050 _aKJM2467.M56
_bK36 1989
100 1 _aKamil, İbrahim.
245 1 _aBulgaristan'daki Türklerin Statüsü/
_cİbrahim Kamil ; İbrahim Kamil.
264 1 _aİstanbul :
_bTürk Dünyası Araştırmaları Vakfı
_c1989
300 _a92 sayfa; 16 cm.
336 _ametin
_btxt
_2rdacontent
337 _aaracısız
_bn
_2rdamedia
338 _acilt
_bnc
_2rdacarrier
490 1 _aTürk Dünyası Araştırmaları Vakfı yayın nu.
490 1 _a62.
490 1 _aKutsun ;
_vyayın nu.
490 1 _a11
500 _a"Milli nu. 89-34-Y-147-62"--T.p. verso.
500 _aIncludes bibliographical references.
650 0 _aTurks--Legal status, laws, etc.--Bulgaria.
_927392
650 0 _aMinorities--Legal status, laws, etc.--Bulgaria.
_927393
650 0 _aHuman rights--Bulgaria.
_927394
650 0 _aHuman rights.
_92926
830 1 _aTürk Dünyası Araştırmaları Vakfı yayın nu.
_927395
830 1 _a62.
_912480
830 1 _aKutsun ;
_vyayın nu.
_927396
830 1 _a11
_97332
942 _2lcc
_cBK
999 _c11222
_d11222